000 00373nam a22001577a 4500
003 macl
005 20150528165203.0
008 150528b xxu||||| |||| 00| 0 eng d
040 _cmacl
082 _a610
100 _aGupta,B.K.
_984
245 _aImmunology Basic Concepts
260 _aDelhi
_bPawaninder Pvt.
_c2012
650 _aMedical Science
_985
942 _2ddc
_cBK
999 _c49756
_d49756